| 000 | 01319nam a2200349 a 4500 | ||
|---|---|---|---|
| 001 | 000109341 | ||
| 003 | CHAP | ||
| 005 | 20220329144047.0 | ||
| 008 | 140422s2013 mx a sm |||||||spa d | ||
| 010 | _a105803 | ||
| 011 | _a106775 | ||
| 040 | _cCHAP | ||
| 090 | _aTesis | ||
| 100 | 1 |
_aGonzález Ochoa, Luis Alberto _9126514 |
|
| 245 | 1 | 0 |
_aPropuesta metodológica para el diseño y construcción de presas de Mampostería hidráulica, en la cuenca del Río la Sierra, Chiapas _h[En línea] _cpor Luis Alberto González Ochoa y Mervin Felipe Tomás. |
| 260 |
_aChapingo, Méx. : _bEl autor, _c2013. |
||
| 500 | _aPara ver el contenido del material haga clic en la liga | ||
| 502 | _aTesis (Ing. en Irrigación) -- UACH. Departamento de Irrigación | ||
| 590 |
_aBATCH-UPD _b05 _c20141002 _lUCH01 _h0901 |
||
| 590 |
_aE5995AHE _b05 _c20140422 _lUCH01 _h0923 |
||
| 590 |
_aE5995AHE _b05 _c20140422 _lUCH01 _h0924 |
||
| 590 |
_aE5995AHE _b05 _c20140422 _lUCH01 _h1333 |
||
| 650 | 1 | 4 |
_aMecánica de fluídos. _973821 |
| 650 | 1 | 4 |
_aMuros de contención. _979791 |
| 650 | 1 | 4 |
_aPresas _zChiapas. _9126115 |
| 650 | 1 | 4 |
_aSuelos y cultivos. _9110571 |
| 700 | 1 |
_aFelipe Tomás, Mervin _9126517 |
|
| 856 |
_aFinding aid _uhttp://10.13.5.2/tesis/sist109341.pdf _zTeclea aquí |
||
| 901 | _aBK | ||
| 942 | _cTESIS | ||
| 942 | _n0 | ||
| 999 |
_c105803 _d105803 |
||